000 00307nam a2200133Ia 4500
005 20251222155147.0
008 251222s9999||||xx |||||||||||||| ||spa||
082 _aNUT. 13.1
100 _aBARRON, G.
245 0 _aNutrición Humana - Tomo I
250 _a2da. ed.
264 _bPerú Ofset
942 _cLIB
999 _c39419
_d39419